Three girls in the city : (Record no. 6254)

MARC details
000 -LEADER
fixed length control field 01023nam a22002897a 4500
001 - CONTROL NUMBER
control field 6254
003 - CONTROL NUMBER IDENTIFIER
control field FISKH
005 - DATE AND TIME OF LATEST TRANSACTION
control field 20250407094513.0
008 - FIXED-LENGTH DATA ELEMENTS--GENERAL INFORMATION
fixed length control field 250407b cb ||||| |||| 00| 0 eng d
020 ## - INTERNATIONAL STANDARD BOOK NUMBER
International Standard Book Number 9780439498418
040 ## - CATALOGING SOURCE
Original cataloging agency FISKH
Language of cataloging eng
Transcribing agency FISKH
Modifying agency FISKH
050 ## - LIBRARY OF CONGRESS CALL NUMBER
Classification number PZ7.B466 B
082 ## - DEWEY DECIMAL CLASSIFICATION NUMBER
Classification number 439
100 ## - MAIN ENTRY--PERSONAL NAME
Personal name Betancourt, Jeanne
Dates associated with a name (1941-)
245 ## - TITLE STATEMENT
Title Three girls in the city :
Remainder of title Black and white /
Statement of responsibility, etc. By Jeanne Betancourt
250 ## - EDITION STATEMENT
Edition statement This edition first published in 2004
260 ## - PUBLICATION, DISTRIBUTION, ETC.
Place of publication, distribution, etc. New York :
Name of publisher, distributor, etc. Scholastic,
Date of publication, distribution, etc. 2003
300 ## - PHYSICAL DESCRIPTION
Extent 155 pages :
Dimensions 20 cm
505 ## - FORMATTED CONTENTS NOTE
Formatted contents note P<br/>
520 ## - SUMMARY, ETC.
Summary, etc. New York City teenagers Joy, Maya, and Carolyn struggle with inevitable change when Carolyn, still coping with her mother's death, learns that her father has a girlfriend, and Joy finds out that her wealthy father has lost his high-paying job.<br/>
521 8# - TARGET AUDIENCE NOTE
Target audience note 610<br/>
Source Lexile<br/>
521 8# - TARGET AUDIENCE NOTE
Target audience note P<br/>
Source Raz-Plus<br/>
650 ## - SUBJECT ADDED ENTRY--TOPICAL TERM
Source of heading or term Friendship
Topical term or geographic name entry element New York City
650 ## - SUBJECT ADDED ENTRY--TOPICAL TERM
Source of heading or term Differences
Topical term or geographic name entry element English
942 ## - ADDED ENTRY ELEMENTS (KOHA)
Source of classification or shelving scheme Dewey Decimal Classification
Koha item type Books
Suppress in OPAC No
Holdings
Withdrawn status Lost status Source of classification or shelving scheme Damaged status Not for loan Collection Home library Current library Shelving location Date acquired Total Checkouts Full call number Barcode Date last seen Copy number Price effective from Koha item type
    Dewey Decimal Classification     Juvenile Fiction Footprints International School Library Network Toul Tom Poung Campus Footprints International School Library Network Toul Tom Poung Campus TTP Primary Yellow Bookshelves 04/07/2025   BET 439 PZ7.B466 B 2025-0985 04/07/2025 1 04/07/2025 Books